Score 0/15 Timer 06:00
0 Plays Today
% Correct
Three. One to screw it in, one to watch, and one to shoot the witness.
92.9%
They can't. Lightbulbs don't wear diapers.
92.7%
One. They are an efficient people and have little sense of humor.
87.7%
Doesn't matter. The new one probably won't even work.
87.7%
Four. One to change the bulb, one to counsel the old bulb because it's been thrown away by an uncaring society, one to arrange the case conference and one to make sure they are all following the correct working practice.
87.5%
At least five. If they all light up together the lightbulb will do so too.
86.5%
Are you kidding? They won't even change a five dollar bill.
84%
How many psychics does it take to change a lightbulb?
78.2%
% Correct
All four of them.
75.6%
You were supposed to have that lightbulb on my desk last week!
63.6%
None. It's of no interest to them.
58.8%
One, but he has to wait until the light is better.
53.9%
One and a half.
53.5%
One. No, 2. No, 4. No, 8. No, 16. No, 32.
52.1%
Change it into what?
51.9%
Remove Ads.
Support Sporcle.
Get the best of Sporcle when you Go Orange. This ad-free experience offers more features, more stats, and more fun while also helping to support Sporcle. Thank you for becoming a member.

You're not logged in!

Compare scores with friends on all Sporcle quizzes.
OR
Log In

Show Comments

Extras

Top Quizzes Today


Score Distribution

Your Account Isn't Verified!

In order to create a playlist on Sporcle, you need to verify the email address you used during registration. Go to your Sporcle Settings to finish the process.

Report this User

Report this user for behavior that violates our Community Guidelines.

Details: